LEADER 00798naa a2200217 u 4500 001 000000093231 003 CaOOAMICUS 005 20070226130133.0 008 010622s1931 fr u000 u fre u 035 $a10893688 040 $aPUL(R)$bita 100 1 $aNiboyet, J. P.$0(OLS)http://pul/name/29425 245 14$aLes doubles impositions au point de vue juridique /$cpar J.-P. Niboyet. 260 $a[S. l. :$bs. n.],$c1931. 300 $aP. [1-105] 504 $aBibliografia in nota. 650 4$aDiritto internazionale.$0(OLS)http://pul/subject/2505 773 0 $tRecueil des cours$gv.I (1930) 773 0 $tRecueil des cours 1930$w()59491 996 $6245$aLes doubles impositions au point de vue juridique$9(OLS)http://pul/title/120106 996 $6260$a[S. l. :$bs. n.]$9(OLS)http://pul/publisher/47882 LEADER 01417nam a2200313 a 4500 001 000000054727 003 CaOOAMICUS 005 20100409113353.0 008 001222s1987 it u000 u ita r 020 $a8839600167 035 $a10864404 040 $aPUL(R)$bita$dPUL(R)$dMCT 245 00$aPersona e personalismi /$cA. Pavan ... [et al.] ; a cura di Antonio Pavan e Andrea Milano. 260 $aNapoli :$bDehoniane,$cc1987. 300 $axiv, 466 p. ;$c22 cm 504 $aBibliografia: p. 461-466. 650 4$aPersonalismo.$0(OLS)http://pul/subject/9712 700 1 $aPavan, Antonio,$d1937-$0(OLS)http://pul/name/5713 700 1 $aMilano, Andrea,$d1938-$0(OLS)http://pul/name/12783 850 $aPUL 852 $aPUL$W1$xDP1 Fondo Giannini$y60$m1557 E 17$j72048$nBK-PRI$b $qFondi$B72048$CPULBib$Z2$F72048 $H $81 852 $aPUL$W1$xSL Filosofia 1$y2$m96 H 80$j72049$nBK-PRI$qStampati$q $B72049$CPULBib$Z2$F72049 $H $81 852 $aPUL$W1$xDP1 Filosofia 1$y19$m587 L 13$j138858$a3. copia$qStampati$B138098$CPULBib$Z2$F138098 $H59000 $82 941 1 $a1 941 1 $a8 961 $aINV: 58711 996 $6020$a8839600167$9(OLS)http://pul/number/68888 996 $6245$aPersona e personalismi$9(OLS)http://pul/title/73346 996 $6260$aNapoli :$bDehoniane$9(OLS)http://pul/publisher/51874